000 01360naa a2200205 a 4500
003 BD-RjUL
005 20220123100233.0
008 220123s1955 ii ||||| |||| 00| 0 ara d
035 _a(BD-RjUL)
040 _aBD-RjUL
_beng
_cBD-RjUL
041 _aara
100 _aابن قيم الجوزية، محمد بن أبي بكر بن أيوب ;; Ibn Qayyim al-Jawziyyah, Muhammad ibn Abi Bakr ibn Ayyub,
_d (691-751 هـ.)
_9860
245 1 0 _aتفسير المعوذتين : تفسير مثالي لأفضل ما تعوذ به المتعوذون سورة الفلق وسورة الناس ;; tafsir al-muawwidhatain : tafsir mithaliun li'afdal ma taeudh bih almutaeiwidhun surat alfalaq wasurat alnaas /
_cشمس الدين أبي عبد الله محمد بن أبي بكر بن قيم الجوزية ؛ صححه وعلق عليه ودم له عبد الصمد شرف الدين.= shams al din 'abu- abd allah muhammad ibn 'abu- bakr ibn qayyim aljauzyya ; sahahah waealaq ealayh wadam lah eabd alsamad sharaf aldiyni.
250 _a3rd. edition
264 _aبمباي، الهند ;; Mumbay, India:
_b الدار القيمة، ;; al-darul-qayyimah ,
_c1955
300 _a109 p. ;
_c23 cm
650 _aالقرآن.
_vtafsir
_9861
700 _a (691-751 هـ.);Sharrafuddin, Abdus-Samad ;; شرف الدين، عبد الصمد
_9862
942 _2ddc
_cBK
999 _c79240
_d79240